000 01479nam a2200337Ia 4500
001 ebr10229828
003 CaPaEBR
006 m u
007 cr cn|||||||||
008 070808s2007 enk sb 001 0 eng d
020 _z0335220886 (hbk.)
020 _z9780335220885 (hbk.)
020 _z0335220878 (pbk.)
020 _z9780335220878 (pbk.)
040 _aCaPaEBR
_cCaPaEBR
035 _a(OCoLC)605692731
050 1 4 _aLB2395.7
_b.G66 2007eb
100 1 _aGoodfellow, Robin.
245 1 0 _aChallenging e-learning in the university
_h[electronic resource] :
_ba literacies perspective /
_cRobin Goodfellow and Mary R. Lea.
260 _aMaidenhead, England ;
_aNew York :
_bMcGraw Hill/Open University Press/Society for Research into Higher Education,
_c2007.
300 _a166 p.
504 _aIncludes bibliographical references (and indexes.
533 _aElectronic reproduction.
_bPalo Alto, Calif. :
_cebrary,
_d2009.
_nAvailable via World Wide Web.
_nAccess may be limited to ebrary affiliated libraries.
650 0 _aEducation, Higher
_xComputer-assisted instruction.
650 0 _aEducation, Higher
_xComputer-assisted instruction
_vCase studies.
650 0 _aInternet in higher education.
655 7 _aElectronic books.
_2local
700 1 _aLea, Mary R.
_q(Mary Rosalind),
_d1950-
710 2 _aebrary, Inc.
856 4 0 _uhttp://site.ebrary.com/lib/rucke/Doc?id=10229828
_zAn electronic book accessible through the World Wide Web; click to view
999 _c39118
_d39118